Southville International School and Colleges
Your cart is empty.
  • Cart
  • Lists
    Public lists Eva Luna New books Lux_list list_1
    Your lists Log in to create your own lists
  • Log in to your account
  • Your cookies
  • Search history
Southville International School and Colleges
  • Advanced search
  • Recent comments
  • Most popular
  • Libraries

Log in to your account

Log in with GOOGLE


If you do not have an external account, but do have a local account, you can still log in:

  1. Home
  2. MARC view: Living the 7 habits :
Normal view MARC view ISBD view

Living the 7 habits : (Record no. 174)

[ view plain ]
MARC details
000 -LEADER
fixed length control field 01446cam a22003614a 4500
001 - CONTROL NUMBER
control field 2630696
003 - CONTROL NUMBER IDENTIFIER
control field OSt
005 - DATE AND TIME OF LATEST TRANSACTION
control field 20140310181622.0
008 - FIXED-LENGTH DATA ELEMENTS--GENERAL INFORMATION
fixed length control field 990329s1999 nyua 000 0 eng
010 ## - LIBRARY OF CONGRESS CONTROL NUMBER
LC control number 99028061
020 ## - INTERNATIONAL STANDARD BOOK NUMBER
International Standard Book Number 0684869810
035 ## - SYSTEM CONTROL NUMBER
System control number (DLC) 99028061
040 ## - CATALOGING SOURCE
Original cataloging agency DLC
Transcribing agency DLC
Modifying agency DLC
042 ## - AUTHENTICATION CODE
Authentication code pcc
050 00 - LIBRARY OF CONGRESS CALL NUMBER
Classification number BF 637.S8
Item number .C668 1999
082 ## - DEWEY DECIMAL CLASSIFICATION NUMBER
Classification number HS 158
Item number C63 1999
100 1# - MAIN ENTRY--PERSONAL NAME
Personal name Covey, Stephen R.
9 (RLIN) 729
245 10 - TITLE STATEMENT
Title Living the 7 habits :
Remainder of title stories of courage and inspiration /
Statement of responsibility, etc Stephen R. Covey.
246 3# - VARYING FORM OF TITLE
Title proper/short title Living the seven habits
260 ## - PUBLICATION, DISTRIBUTION, ETC. (IMPRINT)
Place of publication, distribution, etc New York :
Name of publisher, distributor, etc Simon & Schuster,
Date of publication, distribution, etc c1999.
300 ## - PHYSICAL DESCRIPTION
Extent xix, 310 p. :
Other physical details col. ill. ;
Dimensions 24 cm.
650 #0 - SUBJECT ADDED ENTRY--TOPICAL TERM
Topical term or geographic name as entry element Success
General subdivision Psychological aspects
-- Case studies.
9 (RLIN) 10039
650 #0 - SUBJECT ADDED ENTRY--TOPICAL TERM
Topical term or geographic name as entry element Character.
9 (RLIN) 10040
856 42 - ELECTRONIC LOCATION AND ACCESS
Materials specified Contributor biographical information
Uniform Resource Identifier <a href="http://www.loc.gov/catdir/bios/simon051/99028061.html">http://www.loc.gov/catdir/bios/simon051/99028061.html</a>
856 42 - ELECTRONIC LOCATION AND ACCESS
Materials specified Publisher description
Uniform Resource Identifier <a href="http://www.loc.gov/catdir/description/simon031/99028061.html">http://www.loc.gov/catdir/description/simon031/99028061.html</a>
856 41 - ELECTRONIC LOCATION AND ACCESS
Materials specified Table of contents only
Uniform Resource Identifier <a href="http://www.loc.gov/catdir/enhancements/fy0631/99028061-t.html">http://www.loc.gov/catdir/enhancements/fy0631/99028061-t.html</a>
856 41 - ELECTRONIC LOCATION AND ACCESS
Materials specified Sample text
Uniform Resource Identifier <a href="http://www.loc.gov/catdir/enhancements/fy0641/99028061-s.html">http://www.loc.gov/catdir/enhancements/fy0641/99028061-s.html</a>
906 ## - LOCAL DATA ELEMENT F, LDF (RLIN)
a 7
b cbc
c orignew
d 1
e ocip
f 19
g y-gencatlg
942 ## - ADDED ENTRY ELEMENTS (KOHA)
Source of classification or shelving scheme Library of Congress Classification
Koha item type
Holdings
Withdrawn status Lost status Source of classification or shelving scheme Damaged status Home library Current library Shelving location Date acquired Total Checkouts Full call number Barcode Date last seen Date checked out Copy number Price effective from Koha item type
    Library of Congress Classification   Luxembourg Library Luxembourg Library High School Section 01/11/2012 1 BF 637.S8 .C668 1999 4206 09/25/2023 09/15/2023 1 10/03/2013 Books

Living the 7 habits :

APA

Covey S. R., . (1999). Living the 7 habits. New York: Simon & Schuster.

Chicago

Covey Stephen R, . 1999. Living the 7 habits. New York: Simon & Schuster.

Harvard

Covey S. R., . (1999). Living the 7 habits. New York: Simon & Schuster.

MLA

Covey Stephen R, . Living the 7 habits. New York: Simon & Schuster. 1999.

  • Place hold
  • Print
  • Cite
  • Add to your cart (remove)
  • Save record
    BIBTEX Dublin Core MARCXML MARC (non-Unicode/MARC-8) MARC (Unicode/UTF-8) MARC (Unicode/UTF-8, Standard) MODS (XML) RIS
  • More searches
    Search for this title in:
    Other Libraries (WorldCat) Other Databases (Google Scholar) Online Stores (Bookfinder.com) Open Library (openlibrary.org)

Exporting to Dublin Core...

SOUTHVILLE LIBRARY

Southville International School and Colleges Library

1281 Tropical Ave. Cor. Luxembourg St., BF Homes International, Las Pinas City

Tel. No. 8256374 / 252358 Loc. 117/146

Powered by Koha